| 000 | 00404nam a22001697a 4500 | ||
|---|---|---|---|
| 005 | 20180719150720.0 | ||
| 008 | 160530b xxu||||| |||| 00| 0 eng d | ||
| 020 | _a981-243-665-0 | ||
| 041 | _aeng | ||
| 082 |
_b6025 _a658.155 |
||
| 100 |
_aBell, David E & Schleifer Arthur, Jr. _94567 |
||
| 245 | _aRisk Management | ||
| 260 | _bThomson | ||
| 300 | _a250p, | ||
| 650 |
_aManagement _9241 |
||
| 942 | _cBK | ||
| 999 |
_c2125 _d2124 |
||